The lost world (Record no. 290440)

000 -LEADER
fixed length control field 00350 a2200133 4500
001 - CONTROL NUMBER
control field 55367
020 ## - INTERNATIONAL STANDARD BOOK NUMBER
International Standard Book Number 9788497890571
082 ## - DEWEY DECIMAL CLASSIFICATION NUMBER
Classification number 813.30820 DOY
090 ## - LOCALLY ASSIGNED LC-TYPE CALL NUMBER (OCLC); LOCAL CALL NUMBER (RLIN)
-- 34352
-- 34352
100 ## - MAIN ENTRY--PERSONAL NAME
Personal name Atthur Conan Doyle
245 ## - TITLE STATEMENT
Title The lost world
Statement of responsibility, etc. Atthur Conan Doyle
Medium English
260 ## - PUBLICATION, DISTRIBUTION, ETC.
Place of publication, distribution, etc. France
Name of publisher, distributor, etc. The Childern's Golden Library
Date of publication, distribution, etc. 2004
300 ## - PHYSICAL DESCRIPTION
Extent 222 p
942 ## - ADDED ENTRY ELEMENTS (KOHA)
Institution code [OBSOLETE] NUST-CAE
Call number prefix 813.30820 DOY
Holdings
Withdrawn status Lost status Damaged status Not for loan Collection code Permanent Location Current Location Date acquired Total Checkouts Full call number Barcode Date last seen Price effective from Koha item type
          College of Aeronautical Engineering (CAE) College of Aeronautical Engineering (CAE) 04/03/2017   813.30820 DOY CAE79680 04/05/2017 04/05/2017 Book
© 2023 Central Library, National University of Sciences and Technology. All Rights Reserved.